[Event "Sebes Romanian Rapid op"]
[Site "Sebes"]
[Date "2022.12.02"]
[Round "3"]
[White "Tudor, Henry Edward"]
[Black "Tiloiu, Darius Lucian"]
[Result "1-0"]
[WhiteElo "1942"]
[BlackElo "1526"]
[PlyCount "48"]
[EventDate "2022.12.02"]
[EventType "swiss (rapid)"]
[EventRounds "8"]
[EventCountry "ROU"]
[SourceTitle "CBM 211 Extra"]
[Source "ChessBase"]
[SourceDate "2023.01.31"]
[SourceVersion "1"]
[SourceVersionDate "2023.01.31"]
[SourceQuality "1"]

1. d4 d5 2. c4 c6 3. cxd5 cxd5 4. Nc3 Nf6 5. Bf4 e6 6. e3 Bd6 7. Bg3 Nc6 8. Nf3 Bxg3 9. hxg3 a6 10. Rc1 Qd6 11. Bd3 b5 12. Qe2 Bb7 13. Nd2 0-0 14. Bxh7+ Nxh7 15. Qh5 f6 16. Qxh7+ Kf7 17. Qh5+ Ke7 18. Qg6 Rf7 19. Nb3 e5 20. Nc5 exd4 21. Nxb7 Qd7 22. Nc5 Qd6 23. exd4 Nxd4 24. Rh5 Re8 1-0